000 00292nam a22001337a 4500
008 171122b xxu||||| |||| 00| 0 eng d
020 _a639785310112
041 _aeng
080 _23 ED
_a54
100 _a12
101 _aKIM
245 _aORGANIC CHEMISTRY
_cHERBERT.M
942 _2udc
_cBK
999 _c38292
_d38292